Testovanie diaľkovo pilotovaného leteckého systému DJI Mavic 3 Enterprise
Guardado en:
| Autor principal: | |
|---|---|
| Otros Autores: | |
| Formato: | Manuscrito Libro |
| Lenguaje: | eslovaco |
| Publicado: |
2025
|
| Materias: | |
| Acceso en línea: | http://is.stuba.sk/zp/portal_zp.pl?podrobnosti=167344 CRZP |
| Etiquetas: |
Sin Etiquetas, Sea el primero en etiquetar este registro!
|
MARC
| LEADER | 00000ntm a22000003a 4500 | ||
|---|---|---|---|
| 001 | stuzp104760 | ||
| 003 | SK-STU | ||
| 005 | 20250801110643.3 | ||
| 007 | ta | ||
| 008 | 150427s2015----xo-----f-mn---000-0-slo-d | ||
| 040 | |a STU |b slo | ||
| 041 | 0 | |a slo | |
| 100 | 1 | |a Šimo, Daniela |u 010140 |4 aut |U SvF Stavebná fakulta |T SvF Katedra geodézie |X 114727 |U V140 |Y 14 |7 114727 | |
| 242 | 0 | 1 | |a Testing of the DJI Mavic 3 Enterprise Remotely Piloted Aircraft System |y eng |
| 245 | 1 | 0 | |a Testovanie diaľkovo pilotovaného leteckého systému DJI Mavic 3 Enterprise |
| 260 | |c 2025 | ||
| 650 | 4 | |a mračno bodov |2 slo | |
| 650 | 4 | |a priame georeferencovanie |2 slo | |
| 650 | 4 | |a rezíduá |2 slo | |
| 650 | 4 | |a kontrolné body |2 slo | |
| 650 | 4 | |a rozdielový model |2 slo | |
| 650 | 4 | |a RPAS fotogrametria |2 slo | |
| 650 | 4 | |a UAV |2 slo | |
| 650 | 4 | |a vlícovacie body |2 slo | |
| 650 | 4 | |a RPAS Photogrammetry |2 eng | |
| 650 | 4 | |a UAV |2 eng | |
| 650 | 4 | |a Ground Control Points |2 eng | |
| 650 | 4 | |a Check Points |2 eng | |
| 650 | 4 | |a Point Cloud |2 eng | |
| 650 | 4 | |a Direct Georeferencing |2 eng | |
| 650 | 4 | |a Difference Model |2 eng | |
| 650 | 4 | |a Residuals |2 eng | |
| 700 | 1 | |a Marčiš, Marián |u 010140 |k Z1 |4 ths |U SvF Stavebná fakulta |T SvF Katedra geodézie |X 51610 |U V140 |Y 14 |7 A000051610 | |
| 856 | 4 | |u http://is.stuba.sk/zp/portal_zp.pl?podrobnosti=167344 | |
| 856 | 4 | |u https://opac.crzp.sk/?fn=detailBiblioForm&sid=D39A92077CB2E2E72848E4898013 |z CRZP | |